| 000 | 00998cab a22002055a 4500 | ||
|---|---|---|---|
| 001 | L152619 | ||
| 008 | 110405s2011 xxk 000 0 eng d | ||
| 035 | _a(Sirsi) u152619 | ||
| 041 | 0 | _aeng | |
| 100 | 1 | _aIves, Paul | |
| 245 | 0 | 0 | _aTowers of London |
| 260 | _c2011 | ||
| 490 | 0 |
_aSustainablebuilding inc Propertyforecast _v(51) March 2011, 15(1) |
|
| 520 | _aAn unprecedented wave of new office towers nearing completion, in the pipeline or just starting, shows London's next development cycle is underway, accounting for 500 000 sq ft of new office construction in central London. 200 medium to large City office occupiers are actively looking for space or have lease expiries due within the next four years. Table covers tenant make-up of completed office towers 2008-2011. | ||
| 590 | _aKA | ||
| 651 | 4 | _aLondon | |
| 690 | _aPROPERTY-COMMERCIAL PROPERTY-COMMERCIAL PROPERTY MARKET | ||
| 690 | _aPROPERTY-COMMERCIAL PROPERTY-COMMERCIAL PROPERTY FINANCE AND INVESTMENT | ||
| 942 | _n0 | ||
| 999 |
_c83030 _d83030 |
||